| 000 | 01140nam a22002777a 4500 | ||
|---|---|---|---|
| 005 | 20180803165503.0 | ||
| 008 | 130905s2011 ck ao fr|||| 000 0 spa d | ||
| 020 | _a9789588343563 | ||
| 040 |
_aCO-BoIAVH _cCO-BoIAVH |
||
| 041 | 0 | _aspa | |
| 044 | _ack | ||
| 082 | 0 | 4 |
_a551.432 _bR62g |
| 100 | 1 | _aRivera-Ospina, David | |
| 245 | 1 | 0 |
_aGuía divulgativa de criterios para la delimitación de páramos de Colombia : _cDavid Rivera, Ospina y Camilo Eduardo Rodríguez Murcia |
| 260 |
_aBogotá : _bInstituto de Investigación de Recursos Biológicos Alexander von Humbolt, _c2011. |
||
| 300 |
_a68 páginas : _bIlustraciones, fotografías a color ; _c22 x 21 cm. |
||
| 500 | _aIncluye glosario: páginas 53 - 54. | ||
| 504 | _aIncluye referencias bibliográficas 55 - 56. | ||
| 650 | 1 | 6 | _aPáramos |
| 650 | 2 | 6 | _aGeomorfología |
| 650 | 2 | 6 | _aEcotonos |
| 650 | 2 | 6 | _aÁreas de protección |
| 710 | 2 | _aInstituto de Investigación de Recursos Biológicos Alexander von Humbolt. | |
| 856 | _uhttp://www.humboldt.org.co/publicaciones/uploads/Guia_delimitacion_paramos.pdf | ||
| 942 |
_2ddc _cLIBRO _01 |
||
| 999 |
_c7659 _d7659 |
||